000 00317nam a2200133Ia 4500
005 20260328104311.0
008 260328s9999||||xx |||||||||||||| ||und||
100 _aHall, John
245 0 _aPompeii :
_b the vanished City /
_cJohn Hall
260 _bTime Life
300 _a165 p.
650 _aPOMPE II
942 _cREF
999 _c10978
_d10978